Global mergers and acquisitions : combining companies across borders /
This book primarily deals with corporate restructuring through mergers and acquisitions (M&As). It critically examines all functions that must be performed in completing an M&A transaction. Domestic and cross-border M&A's are very similar in many respects even though differences bet...
| Main Authors: | , |
|---|---|
| Format: | eBook |
| Language: | English |
| Published: |
New York, New York (222 East 46th Street, New York, NY 10017) :
Business Expert Press,
2014.
|
| Edition: | First edition. |
| Series: | Finance and financial management collection.
2014 digital library. |
| Subjects: | |
| Online Access: | Click to View |
| LEADER | 04323nam a2200721 i 4500 | ||
|---|---|---|---|
| 001 | EBC1752691 | ||
| 003 | MiAaPQ | ||
| 005 | 20200520144314.0 | ||
| 006 | m o d | | ||
| 007 | cr cnu|||||||| | ||
| 008 | 140821s2014 nyu foab 001 0 eng d | ||
| 020 | |z 9781606497746 |q paperback | ||
| 020 | |a 9781606497753 |q (electronic bk.) | ||
| 035 | |a (MiAaPQ)EBC1752691 | ||
| 035 | |a (Au-PeEL)EBL1752691 | ||
| 035 | |a (CaPaEBR)ebr10910530 | ||
| 035 | |a (CaONFJC)MIL630070 | ||
| 035 | |a (OCoLC)888415296 | ||
| 040 | |a MiAaPQ |b eng |e rda |e pn |c MiAaPQ |d MiAaPQ | ||
| 043 | |a a-cc--- | ||
| 050 | 4 | |a HG4028.M4 |b S664 2014 | |
| 082 | 0 | |a 658.16 |2 23 | |
| 100 | 1 | |a Soofi, Abdol S., |e author. | |
| 245 | 1 | 0 | |a Global mergers and acquisitions : |b combining companies across borders / |c Abdol S. Soofi and Yuqin Zhang. |
| 250 | |a First edition. | ||
| 264 | 1 | |a New York, New York (222 East 46th Street, New York, NY 10017) : |b Business Expert Press, |c 2014. | |
| 300 | |a 1 online resource (xiv, 228 pages) | ||
| 336 | |a text |2 rdacontent | ||
| 337 | |a computer |2 rdamedia | ||
| 338 | |a online resource |2 rdacarrier | ||
| 490 | 1 | |a Finance and financial management collection, |x 2331-0057 | |
| 500 | |a Part of: 2014 digital library. | ||
| 504 | |a Includes bibliographical references (pages 211-220) and index. | ||
| 505 | 0 | |a Part I. Cross-border mergers, acquisitions, and corporate restructuring -- Chapter 1. Internationalization of economies -- Chapter 2. Mergers and acquisitions and corporate restructuring -- Chapter 3. An overview of the merger and acquisition process -- Chapter 4. Merger and acquisition strategy development -- Chapter 5. Selecting a potential target company for acquisition -- Chapter 6. Accounting for mergers and acquisitions -- Chapter 7. Alternative approaches to valuation -- Chapter 8. Cost of capital -- Chapter 9. Real option analysis in valuation of a company -- Chapter 10. Valuation of the target company using the Black-Scholes model -- Chapter 11. Target valuation in cross-border mergers and acquisitions -- Chapter 12. Negotiations, deal structuring, financing, and regulatory considerations -- Chapter 13. Postmerger integration and reorganization -- Part II. Cross-border M&A activities of Chinese enterprises -- Chapter 14. China's outbound foreign direct investment -- Chapter 15. Major issues in Chinese cross-border mergers and acquisitions -- Notes -- References -- Index. | |
| 506 | |a Access restricted to authorized users and institutions. | ||
| 520 | 3 | |a This book primarily deals with corporate restructuring through mergers and acquisitions (M&As). It critically examines all functions that must be performed in completing an M&A transaction. Domestic and cross-border M&A's are very similar in many respects even though differences between them also exist. To include discussions of the issues that arise in cross-border M&A transactions, the book also covers discusses such as international finance and multinational financial management. | |
| 588 | |a Title from PDF title page (viewed on August 21, 2014). | ||
| 590 | |a Electronic reproduction. Ann Arbor, MI : ProQuest, 2015. Available via World Wide Web. Access may be limited to ProQuest affiliated libraries. | ||
| 650 | 0 | |a Investments, Foreign |z China. | |
| 650 | 0 | |a International business enterprises |z China. | |
| 650 | 0 | |a Consolidation and merger of corporations |z China. | |
| 650 | 0 | |a Investments, Foreign. | |
| 650 | 0 | |a International business enterprises. | |
| 650 | 0 | |a Consolidation and merger of corporations. | |
| 653 | |a regulatory agencies | ||
| 653 | |a real options | ||
| 653 | |a target selection | ||
| 653 | |a strategy | ||
| 653 | |a merger and acquisition | ||
| 653 | |a foreign direct investment | ||
| 653 | |a FDI and national security | ||
| 653 | |a exchange rate | ||
| 653 | |a cultural integration deal structuring | ||
| 653 | |a cross-border acquisition | ||
| 653 | |a cost of capital | ||
| 653 | |a business valuation | ||
| 655 | 4 | |a Electronic books. | |
| 700 | 1 | |a Zhang, Yuqin., |e author. | |
| 776 | 0 | 8 | |i Print version: |z 9781606497746 |
| 797 | 2 | |a ProQuest (Firm) | |
| 830 | 0 | |a Finance and financial management collection. |x 2331-0057 | |
| 830 | 0 | |a 2014 digital library. | |
| 856 | 4 | 0 | |u https://ebookcentral.proquest.com/lib/matrademy/detail.action?docID=1752691 |z Click to View |


